Gyergyószentmiklósi tévé
Elmentve itt :
| Szerző: | |
|---|---|
| Adatforrás: | Meister |
| Forrásdokumentuma: | Művelődés. - 3 sz., 1998, 13 p. |
| Nyelv: | magyar |
| Kulcsszavak: | intézménytörténet televízió mass-media Gyergyószentmiklós Rubin Stúdió |
| LEADER | 00449nab a2200169 i 4500 | ||
|---|---|---|---|
| 001 | bibPRO00001431 | ||
| 008 | 060524s1998 xx hun | ||
| 040 | |a Sz1 | ||
| 041 | |a hun | ||
| 100 | 1 | |a TÖRÖK Magdi | |
| 245 | 1 | 0 | |a Gyergyószentmiklósi tévé |c TÖRÖK Magdi |
| 695 | |a intézménytörténet | ||
| 695 | |a televízió | ||
| 695 | |a mass-media | ||
| 695 | |a Gyergyószentmiklós | ||
| 695 | |a Rubin Stúdió | ||
| 773 | 0 | |t Művelődés. - |g 3 sz., 1998, 13 p. | |